University physics : extened version with modern physics

Αποθηκεύτηκε σε:
Λεπτομέρειες βιβλιογραφικής εγγραφής
Κύριος συγγραφέας: Young, Hugh D.
Άλλοι συγγραφείς: Freedman, Roger A.
Μορφή: Βιβλίο
Γλώσσα:English
Δημοσίευση: Addison-Wesley, 1996.
Έκδοση:9η εκδ.
Σειρά:Addison-Wesley series in physics
Θέματα:
Ετικέτες: Προσθήκη ετικέτας
Δεν υπάρχουν, Καταχωρήστε ετικέτα πρώτοι!

MARC

LEADER 00000cam a2200000 i 4500
001 1/82565
008 990527s1996 us | ||| |||| ||eng||
020 |a 0201311321 
035 |l 10051116 
040 |a GR-MyUA  |b gre  |e AACR2 
041 0 |a eng 
082 0 |a 530 
100 1 |a Young, Hugh D. 
245 1 0 |a University physics :   |b extened version with modern physics /   |c Hugh D. Young, Roger A. Freedman ; contributing authors T.R. Sandin, A. Lewis Ford.  
250 |a 9η εκδ.  
260 |b Addison-Wesley,   |c 1996.  
300 |a xix, 1484 σ. :   |b ill. (some col.) ;  |c 26 εκ.  
490 1 |a (Addison-Wesley series in physics)  
504 |a Περιέχει ευρετήριο.  
650 0 0 |a Physics. 
700 1 |a Freedman, Roger A. 
767 0 8 |i Μεταφρασμένο ως:   |t Πανεπιστημιακή φυσική :  
767 0 8 |t Πανεπιστημιακή φυσική με σύγχρονη φυσική /  
830 0 |a Addison-Wesley series in physics 
852 |a INST  |b SAMOS  |e 19990527  |h 530 YOU  |p 005300014959  |q 005300014959  |t BK  |y 0 
901 |a BIBL3-1999-2 
909 |a Σ  |b 063207 
922 |a 3ΕΛΗ  |b 199904  |c ΚΠΣ  |d GLORY 
950 |a 116-1998-08-10